[Event "Campeonato de España Abierto 2006"]
[Site "Leon ESP"]
[Date "2006.11.25"]
[Round "4.28"]
[White "Jimenez Martin, Gustavo"]
[Black "Santos Latasa, Jaime"]
[Result "1-0"]
[WhiteElo "2110"]
[BlackElo "1596"]
[PlyCount "87"]
[EventDate "2006.11.22"]
[EventType "swiss"]
[EventRounds "9"]
[EventCountry "ESP"]
[Source "lmi"]
[SourceDate "2006.11.22"]

1. d4 Nf6 2. Nc3 d5 3. Bg5 Nbd7 4. e3 c5 5. Qd2 e6 6. Nf3 Be7 7. Bd3 h6 8. Bh4
a6 9. O-O O-O 10. Ne5 Nxe5 11. dxe5 Nd7 12. Bxe7 Qxe7 13. f4 f5 14. Be2 Kh7 15.
Kh1 b5 16. Bf3 Bb7 17. Ne2 Nb6 18. b3 b4 19. a3 a5 20. Ra2 a4 21. axb4 cxb4 22.
bxa4 Rxa4 23. Rxa4 Nxa4 24. Rb1 Rc8 25. Qxb4 Qxb4 26. Rxb4 Bc6 27. c4 Nc5 28.
Nd4 Ba8 29. cxd5 Nd3 30. Rb1 Bxd5 31. Bxd5 exd5 32. Nxf5 Rc2 33. h3 g5 34. e6
Kg6 35. e7 Nf2+ 36. Kg1 Kf7 37. Rb8 Ng4 38. e8=Q+ Kf6 39. hxg4 Rc1+ 40. Kh2 d4
41. Qe5+ Kf7 42. Rb7+ Kf8 43. Qf6+ Ke8 44. Qe7# 1-0

[Event "Campeonato de España Abierto 2006"]
[Site "Leon ESP"]
[Date "2006.11.25"]
[Round "4.29"]
[White "Crespo Arce, Miguel Angel"]
[Black "Rodriguez Rodriguez, Antonio"]
[Result "1-0"]
[WhiteElo "1786"]
[BlackElo "2240"]
[PlyCount "37"]
[EventDate "2006.11.22"]
[EventType "swiss"]
[EventRounds "9"]
[EventCountry "ESP"]
[Source "lmi"]
[SourceDate "2006.11.22"]

1. d4 Nf6 2. Bg5 c6 3. Bxf6 gxf6 4. c3 d6 5. Nd2 f5 6. e3 e5 7. dxe5 dxe5 8.
Nc4 Qc7 9. Nf3 Nd7 10. Qc2 b5 11. Qxf5 bxc4 12. Bxc4 Nb6 13. Bxf7+ Qxf7 14.
Qxe5+ Be6 15. Ng5 Qf5 16. Qxe6+ Qxe6 17. Nxe6 Bd6 18. O-O-O Bb8 19. Rd8+ 1-0

[Event "Campeonato de España Abierto 2006"]
[Site "Leon ESP"]
[Date "2006.11.25"]
[Round "4.30"]
[White "Varela Mourin, Jesus"]
[Black "Fernandez Lopez, Marcos"]
[Result "1-0"]
[WhiteElo "2169"]
[BlackElo "2089"]
[PlyCount "68"]
[EventDate "2006.11.22"]
[EventType "swiss"]
[EventRounds "9"]
[EventCountry "ESP"]
[Source "lmi"]
[SourceDate "2006.11.22"]

1. e4 Nf6 2. e5 Nd5 3. d4 d6 4. Nf3 Bg4 5. Be2 Nc6 6. c4 Nb6 7. exd6 exd6 8. b3
Be7 9. Bb2 Bf6 10. Nbd2 Qd7 11. Ne4 h5 12. h3 Bf5 13. Nxf6+ gxf6 14. Nh4 Nb4
15. Nxf5 Qxf5 16. O-O Rg8 17. Kh1 Qg5 18. Bf3 O-O-O 19. d5 Nd7 20. a3 Na6 21.
b4 Ne5 22. Rc1 Nxf3 23. Qxf3 Rg6 24. Rc2 Nb8 25. Bc1 Qh4 26. c5 dxc5 27. bxc5
Nd7 28. c6 Ne5 29. Qf5+ Kb8 30. cxb7 Qd4 31. Rd2 Qc3 32. d6 cxd6 33. Rc2 Qd3
34. Qc8+ Rxc8 1-0

[Event "Campeonato de España Abierto 2006"]
[Site "Leon ESP"]
[Date "2006.11.25"]
[Round "4.31"]
[White "Acero Solis, Alberto"]
[Black "Garcia Gonzalez, Manuel"]
[Result "0-1"]
[WhiteElo "2073"]
[BlackElo "2142"]
[PlyCount "104"]
[EventDate "2006.11.22"]
[EventType "swiss"]
[EventRounds "9"]
[EventCountry "ESP"]
[Source "lmi"]
[SourceDate "2006.11.22"]

1. f4 Nf6 2. Nf3 e6 3. b3 Be7 4. Bb2 c5 5. e3 b6 6. Be2 Nc6 7. O-O Bb7 8. Qe1
d6 9. d3 Nd5 10. Qd2 Bf6 11. c3 e5 12. c4 Nc7 13. f5 d5 14. Nc3 Ne7 15. e4 dxe4
16. dxe4 Qxd2 17. Nxd2 O-O-O 18. Nd5 Ne8 19. Nf3 Nc6 20. Kf2 Nd4 21. Bd3 Nd6
22. g4 h6 23. h4 Bxd5 24. cxd5 Rde8 25. Kg3 Nxf3 26. Rxf3 Kb7 27. Rc1 Bd8 28.
a4 f6 29. a5 Be7 30. a6+ Kb8 31. Re3 Rc8 32. Ba3 Rc7 33. Kf3 Rhc8 34. Be2 b5
35. Ra1 b4 36. Bb2 c4 37. Ra4 c3 38. Bc1 Ne8 39. Bb5 Bc5 40. Rd3 Nd6 41. Bc6
Rxc6 42. dxc6 Rxc6 43. g5 hxg5 44. hxg5 Kc8 45. gxf6 gxf6 46. Ra1 Nb5 47. Be3
Bxe3 48. Kxe3 Kc7 49. Rdd1 Kb6 50. Rdc1 Nd4 51. Ra4 Kb5 52. Rca1 Nc2+ 0-1

[Event "Campeonato de España Abierto 2006"]
[Site "Leon ESP"]
[Date "2006.11.25"]
[Round "4.32"]
[White "Perez Ruiz, Santiago"]
[Black "De La Barrera Montenegro, Eduar"]
[Result "0-1"]
[WhiteElo "1894"]
[BlackElo "2090"]
[PlyCount "104"]
[EventDate "2006.11.22"]
[EventType "swiss"]
[EventRounds "9"]
[EventCountry "ESP"]
[Source "lmi"]
[SourceDate "2006.11.22"]

1. d4 d5 2. c4 c6 3. cxd5 cxd5 4. Nc3 Nf6 5. Nf3 e6 6. h3 Bd6 7. Bg5 Nbd7 8. e4
dxe4 9. Nd2 e3 10. Bxe3 O-O 11. Nc4 Bb8 12. d5 exd5 13. Nxd5 Nxd5 14. Qxd5 Qc7
15. Rc1 Nf6 16. Qf3 Re8 17. Bd3 b5 18. Qxa8 Bb7 19. Qxb7 Qxb7 20. Na5 Qb6 21.
Nb3 Rxe3+ 22. fxe3 Qxe3+ 23. Be2 Bg3+ 24. Kd1 g6 25. Rc3 Qe5 26. Bf3 Nd5 27.
Bxd5 Qxd5+ 28. Kc1 Qxg2 29. Rd1 Qxh3 30. Kb1 h5 31. Ka1 h4 32. Nd4 Qg2 33. Rc2
Qb7 34. Ne2 b4 35. Ng1 b3 36. axb3 Qxb3 37. Kb1 a5 38. Rd8+ Kg7 39. Rc3 Qb6 40.
Rd1 Be5 41. Rc2 a4 42. Nf3 Bf6 43. Rd3 Qb5 44. Ra3 Be7 45. Nd4 Qf1+ 46. Rc1 Qg2
47. Rxa4 h3 48. Rc2 Qe4 49. Kc1 Bg5+ 50. Kd1 Qg4+ 51. Ke1 Bh4+ 52. Kf1 Qd1# 0-1

[Event "Campeonato de España Abierto 2006"]
[Site "Leon ESP"]
[Date "2006.11.25"]
[Round "4.33"]
[White "Llamazares Lopez, Carlos"]
[Black "Montolio Benedicto, Cesar"]
[Result "0-1"]
[WhiteElo "1883"]
[BlackElo "2055"]
[PlyCount "102"]
[EventDate "2006.11.22"]
[EventType "swiss"]
[EventRounds "9"]
[EventCountry "ESP"]
[Source "lmi"]
[SourceDate "2006.11.22"]

1. e4 e5 2. Nf3 Nc6 3. Bb5 a6 4. Bxc6 dxc6 5. O-O f6 6. d4 exd4 7. Nxd4 c5 8.
Nb3 Qxd1 9. Rxd1 Bg4 10. f3 Be6 11. Be3 b6 12. Bf4 c4 13. Nd4 O-O-O 14. Na3
Rxd4 15. Rxd4 Bc5 16. c3 Ne7 17. Kf1 Bxd4 18. cxd4 c6 19. Rc1 b5 20. Nc2 Kb7
21. a4 Rd8 22. a5 Rd7 23. Ke2 Ng6 24. Be3 Bg8 25. g4 Ne7 26. h4 Bf7 27. f4 h5
28. gxh5 Bxh5+ 29. Kf2 f5 30. e5 Nd5 31. Rg1 Nc7 32. Ne1 Ne6 33. Nf3 Bg4 34.
Ng5 Nxd4 35. e6 Rd6 36. e7 Bh5 37. Bxd4 Rxd4 38. Re1 Rd2+ 39. Kg1 Rxb2 40. Ne6
c3 41. Nxg7 Bf7 42. Nxf5 Rd2 43. h5 c2 44. h6 Rd1 45. Nd6+ Kc7 46. e8=Q Bxe8
47. Nxe8+ Kd8 48. Kf2 Rxe1 49. Nd6 c1=Q 50. h7 Qe3+ 51. Kg2 Rg1+ 0-1

[Event "Campeonato de España Abierto 2006"]
[Site "Leon ESP"]
[Date "2006.11.25"]
[Round "4.34"]
[White "Garcia Panizo, Amilcar"]
[Black "Bazan Solera, Manuel"]
[Result "1/2-1/2"]
[WhiteElo "1859"]
[BlackElo "1971"]
[PlyCount "61"]
[EventDate "2006.11.22"]
[EventType "swiss"]
[EventRounds "9"]
[EventCountry "ESP"]
[Source "lmi"]
[SourceDate "2006.11.22"]

1. e4 d6 2. d4 Nf6 3. Nc3 g6 4. f4 Bg7 5. Nf3 O-O 6. e5 Ng4 7. h3 Nh6 8. Bd3 c5
9. dxc5 dxe5 10. fxe5 Nd7 11. Qe2 Nxc5 12. Bc4 Be6 13. Be3 Qa5 14. O-O Nf5 15.
Bf2 Bxc4 16. Qxc4 Rac8 17. Qe2 Na4 18. Nxa4 Qxa4 19. c3 e6 20. b3 Qc6 21. c4 a6
22. Rad1 Rfd8 23. Rxd8+ Rxd8 24. Rd1 Qc7 25. Rxd8+ Qxd8 26. g4 Ne7 27. Bh4 Qb6+
28. Kg2 Nc6 29. Qe4 Qc7 30. Bg3 Qd7 31. Bh4 1/2-1/2

[Event "Campeonato de España Abierto 2006"]
[Site "Leon ESP"]
[Date "2006.11.25"]
[Round "4.35"]
[White "Franco Cazon, Rodolfo"]
[Black "Martinez Rodriguez, Eugenio"]
[Result "0-1"]
[WhiteElo "1987"]
[BlackElo "2051"]
[PlyCount "104"]
[EventDate "2006.11.22"]
[EventType "swiss"]
[EventRounds "9"]
[EventCountry "ESP"]
[Source "lmi"]
[SourceDate "2006.11.22"]

1. e4 c5 2. Nf3 a6 3. c3 d6 4. Be2 e6 5. O-O Nf6 6. Re1 b5 7. e5 dxe5 8. Nxe5
Bb7 9. d4 Be7 10. Bf3 Bxf3 11. Qxf3 Ra7 12. Be3 Rc7 13. Nd2 O-O 14. Rad1 Qd5
15. b3 Qxf3 16. Nexf3 Nd5 17. c4 Nc3 18. Ra1 Bf6 19. Bf4 Rd7 20. Be5 cxd4 21.
Ne4 Nxe4 22. Rxe4 Nc6 23. cxb5 axb5 24. Bxf6 gxf6 25. Rc1 Rd6 26. h3 Ra8 27.
Rc2 Nb4 28. Rd2 e5 29. Rg4+ Kf8 30. Nh4 Rxa2 31. Rd1 Rc6 32. Nf5 Rcc2 33. f3
Nd5 34. Kh1 Nf4 35. Nxd4 Rxg2 36. Rxg2 Rxg2 37. Nxb5 Rb2 38. Nd6 Nxh3 39. Rc1
Ng5 40. Nf5 Ke8 41. Rc3 Kd7 42. Kg1 Ke6 43. Ng7+ Kd5 44. Nf5 Ne6 45. Ne7+ Kd4
46. Rc4+ Kd3 47. Rh4 Ng5 48. Rh6 Nxf3+ 49. Kh1 e4 50. Nd5 e3 51. Nxe3 Kxe3 52.
b4 Rb1+ 0-1

[Event "Campeonato de España Abierto 2006"]
[Site "Leon ESP"]
[Date "2006.11.25"]
[Round "4.36"]
[White "Pastrana Alvarez, Santiago"]
[Black "Moran Llera, Jose Angel"]
[Result "0-1"]
[WhiteElo "1875"]
[BlackElo "1859"]
[PlyCount "38"]
[EventDate "2006.11.22"]
[EventType "swiss"]
[EventRounds "9"]
[EventCountry "ESP"]
[Source "lmi"]
[SourceDate "2006.11.22"]

1. e4 d6 2. d4 Nf6 3. Nc3 g6 4. Bc4 Bg7 5. Nge2 O-O 6. O-O c6 7. Bb3 b5 8. f4
b4 9. Na4 Nxe4 10. Qd3 d5 11. c3 bxc3 12. bxc3 Ba6 13. Qf3 Nd7 14. Bc2 Nef6 15.
Ba3 Re8 16. Rae1 Bb5 17. g4 Qc7 18. f5 Ne4 19. Bxe4 dxe4 0-1

[Event "Campeonato de España Abierto 2006"]
[Site "Leon ESP"]
[Date "2006.11.25"]
[Round "4.37"]
[White "Marcos Pinto, Luis"]
[Black "Rodriguez Gonzalez, Miguel Angel"]
[Result "1-0"]
[WhiteElo "1922"]
[BlackElo "1888"]
[PlyCount "43"]
[EventDate "2006.11.22"]
[EventType "swiss"]
[EventRounds "9"]
[EventCountry "ESP"]
[Source "lmi"]
[SourceDate "2006.11.22"]

1. e4 e5 2. Nf3 Nf6 3. Bc4 Nxe4 4. Nc3 Nxc3 5. dxc3 Bc5 6. Bxf7+ Kf8 7. O-O Nc6
8. b4 Be7 9. Bb3 Bf6 10. Qd5 Qe8 11. Ng5 h6 12. Nf7 Ne7 13. Qf3 Rh7 14. Nxe5 d5
15. Re1 c6 16. Be3 Bf5 17. Bc5 Be4 18. Rxe4 dxe4 19. Qxe4 Bxe5 20. Qxh7 Bxh2+
21. Kf1 Bd6 22. Bxd6 1-0

[Event "Campeonato de España Abierto 2006"]
[Site "Leon ESP"]
[Date "2006.11.25"]
[Round "4.39"]
[White "Fernandez Calzada, Juan Antonio"]
[Black "Soto Iglesias, David"]
[Result "0-1"]
[WhiteElo "1951"]
[BlackElo "1850"]
[PlyCount "108"]
[EventDate "2006.11.22"]
[EventType "swiss"]
[EventRounds "9"]
[EventCountry "ESP"]
[Source "lmi"]
[SourceDate "2006.11.22"]

1. e4 c5 2. Nf3 Nc6 3. d4 cxd4 4. Nxd4 g6 5. Be3 Bg7 6. Qd2 Nf6 7. f3 O-O 8. c4
d6 9. Nc3 Bd7 10. Be2 Nxd4 11. Bxd4 Bc6 12. O-O a5 13. Rac1 Nd7 14. Bxg7 Kxg7
15. Rc2 Nc5 16. Rfc1 Qb6 17. Kh1 Rfc8 18. Bf1 a4 19. Ne2 Na6 20. a3 Nc5 21.
Qd4+ Kg8 22. Rd1 Qc7 23. Qe3 b5 24. Nf4 Qb7 25. Nh3 Kg7 26. Qd4+ f6 27. Qe3 b4
28. Nf2 bxa3 29. bxa3 Qb3 30. Rc3 Qb7 31. Ng4 Ra6 32. Qh6+ Kg8 33. h4 Rb6 34.
h5 g5 35. Ne3 Bd7 36. Nd5 Be6 37. Nxb6 Qxb6 38. Re1 Qb2 39. Rce3 Qe5 40. f4
Qxf4 41. Kg1 Nd7 42. Rf3 Qe5 43. Rb1 Bg4 44. Rf2 Rb8 45. Rxb8+ Nxb8 46. Kh1 Nd7
47. c5 Qxc5 48. Rd2 Ne5 49. Rb2 Qa7 50. Kh2 Be6 51. Rb5 Nf7 52. Rxg5+ Nxg5 53.
Bb5 Qe3 54. Kh1 Qc1+ 0-1

[Event "Campeonato de España Abierto 2006"]
[Site "Leon ESP"]
[Date "2006.11.25"]
[Round "4.41"]
[White "Cantalapiedra Vega, Francisco"]
[Black "Lopez Tascon, Miguel Angel"]
[Result "1/2-1/2"]
[WhiteElo "2012"]
[BlackElo "1817"]
[PlyCount "102"]
[EventDate "2006.11.22"]
[EventType "swiss"]
[EventRounds "9"]
[EventCountry "ESP"]
[Source "lmi"]
[SourceDate "2006.11.22"]

1. e4 e5 2. Nf3 Nc6 3. Bc4 Nf6 4. d4 Nxe4 5. dxe5 Nc5 6. O-O Ne6 7. Nc3 Be7 8.
Be3 O-O 9. Ne4 b6 10. Bd5 Bb7 11. Qd2 Na5 12. Bxb7 Nxb7 13. Rad1 d6 14. Qe2 Qc8
15. Rd2 Re8 16. Qc4 dxe5 17. Nxe5 Nd6 18. Nxd6 Bxd6 19. Nc6 Nc5 20. Bxc5 Bxc5
21. b4 Bd6 22. Qd5 Qg4 23. Rd4 Qe2 24. Qc4 Qxc4 25. Rxc4 a6 26. a4 b5 27. axb5
axb5 28. Rd4 Ra6 29. Na5 Bxb4 30. Nb3 Bd6 31. Rd2 g6 32. g3 Bb4 33. Rd7 Bd6 34.
Nd4 b4 35. Rd1 Ra5 36. Nc6 Ra2 37. Nd4 Kg7 38. Rd3 h5 39. Kg2 Re7 40. Rd8 Bc5
41. Rb8 Bxd4 42. Rxd4 c5 43. Rc4 Rc7 44. Rb5 Kf6 45. Rbxc5 Rxc5 46. Rxc5 Ke6
47. Kf3 Kd6 48. Rc4 Ra3+ 49. Kf4 b3 50. cxb3 Rxb3 51. Kg5 Rf3 1/2-1/2

[Event "Campeonato de España Abierto 2006"]
[Site "Leon ESP"]
[Date "2006.11.25"]
[Round "4.44"]
[White "Prieto Redondo, Guillermo"]
[Black "Aretxabaleta Saez, Julian"]
[Result "1-0"]
[WhiteElo "1617"]
[BlackElo "1872"]
[PlyCount "71"]
[EventDate "2006.11.22"]
[EventType "swiss"]
[EventRounds "9"]
[EventCountry "ESP"]
[Source "lmi"]
[SourceDate "2006.11.22"]

1. d4 d5 2. c4 e6 3. Nc3 c6 4. Nf3 Nf6 5. Bg5 Be7 6. e3 Nbd7 7. Rc1 dxc4 8.
Bxc4 b5 9. Bd3 Bb7 10. Bxf6 Nxf6 11. Qb3 O-O 12. Ne2 Qa5+ 13. Nc3 Bb4 14. O-O
Bxc3 15. Rxc3 h6 16. Ne5 Rfc8 17. Rfc1 Nd5 18. Rc5 Ne7 19. Be4 Nd5 20. g3 a6
21. Nxc6 Bxc6 22. Rxc6 Rxc6 23. Rxc6 Qe1+ 24. Kg2 Nf6 25. Rxe6 Ng4 26. Qc2 fxe6
27. Bxa8 Nxe3+ 28. fxe3 Qxe3 29. Qe4 Qd2+ 30. Kh3 Kf7 31. Qf4+ Qxf4 32. gxf4
Kf6 33. b4 g5 34. Kg4 Kg6 35. fxg5 hxg5 36. Bb7 1-0

[Event "Campeonato de España Abierto 2006"]
[Site "Leon ESP"]
[Date "2006.11.26"]
[Round "5.1"]
[White "Recuero Guerra, David"]
[Black "Moreno Ruiz, Javier"]
[Result "0-1"]
[WhiteElo "2321"]
[BlackElo "2456"]
[PlyCount "100"]
[EventDate "2006.11.22"]
[EventType "swiss"]
[EventRounds "9"]
[EventCountry "ESP"]
[Source "lmi"]
[SourceDate "2006.11.22"]

1. e4 c5 2. Nf3 Nc6 3. d4 cxd4 4. Nxd4 g6 5. Nc3 Bg7 6. Be3 Nf6 7. Bc4 Qa5 8.
Nb3 Qb4 9. Bd3 Nxe4 10. Bxe4 Bxc3+ 11. bxc3 Qxe4 12. O-O O-O 13. Re1 Qc4 14.
Nd2 Qh4 15. Nf3 Qh5 16. h3 d6 17. Rb1 b6 18. Bg5 Re8 19. Re4 Ne5 20. Rxe5 dxe5
21. Rb4 Bb7 22. Rh4 Bxf3 23. Qd2 Qxh4 24. Bxh4 Bc6 25. Qe2 e4 26. Qa6 Rad8 27.
Qxa7 Rd1+ 28. Kh2 e3 29. Qxb6 exf2 30. Bxf2 Rd6 31. Qc5 Ra8 32. a3 Re6 33. Be3
h5 34. Qd4 Re4 35. Qc5 Re6 36. Qd4 f6 37. Qd3 Kf7 38. Bc5 Rb8 39. Bb4 Rb5 40.
c4 Rg5 41. g3 Rf5 42. g4 Rf3 43. Qd2 Ree3 44. Qg2 h4 45. a4 Re6 46. a5 Rfe3 47.
Qf1 Re2+ 48. Kg1 R6e3 49. Qd1 Rg2+ 50. Kf1 Rxh3 0-1

[Event "Campeonato de España Abierto 2006"]
[Site "Leon ESP"]
[Date "2006.11.26"]
[Round "5.2"]
[White "Bellon Lopez, Juan Manuel"]
[Black "Gonzalez Galvan, Juan Manuel"]
[Result "1-0"]
[WhiteElo "2396"]
[BlackElo "2245"]
[PlyCount "80"]
[EventDate "2006.11.22"]
[EventType "swiss"]
[EventRounds "9"]
[EventCountry "ESP"]
[Source "lmi"]
[SourceDate "2006.11.22"]

1. d4 d5 2. Nf3 c5 3. c4 cxd4 4. cxd5 Nf6 5. Qa4+ Qd7 6. Qxd4 Qxd5 7. Nc3 Qxd4
8. Nxd4 a6 9. Bg5 Nbd7 10. g3 e5 11. Nf3 Bb4 12. Bxf6 Nxf6 13. Nxe5 Ne4 14. Rc1
Nxc3 15. bxc3 Ba3 16. Rb1 Bf5 17. Rb3 Bd6 18. Nc4 Bc5 19. Bg2 Rd8 20. Rxb7 O-O
21. O-O Be6 22. Rc7 Rc8 23. Rxc8 Rxc8 24. Nd2 Be7 25. Rc1 a5 26. c4 Bb4 27. Rc2
h5 28. Be4 a4 29. Bd3 f5 30. Nf3 Bc5 31. Rb2 a3 32. Rb7 Bf8 33. Nd2 g6 34. Kf1
Bg7 35. Ra7 Bb2 36. Ke1 Rb8 37. Kd1 Bd4 38. Rxa3 Bxf2 39. Ra6 Kf7 40. Nf3 Be3
1-0

[Event "Campeonato de España Abierto 2006"]
[Site "Leon ESP"]
[Date "2006.11.26"]
[Round "5.3"]
[White "Vega Gomez, Francisco Borja"]
[Black "Andres Gonzalez, Alberto"]
[Result "0-1"]
[WhiteElo "2118"]
[BlackElo "2421"]
[PlyCount "102"]
[EventDate "2006.11.22"]
[EventType "swiss"]
[EventRounds "9"]
[EventCountry "ESP"]
[Source "lmi"]
[SourceDate "2006.11.22"]

1. Nf3 c5 2. g3 Nc6 3. d4 cxd4 4. Nxd4 g6 5. Bg2 Bg7 6. Nb3 a5 7. a4 Nf6 8. Nc3
O-O 9. O-O d6 10. h3 Be6 11. Ra3 Qc8 12. Kh2 Nb4 13. Nd4 Bc4 14. Re1 Rd8 15. e4
e5 16. Ndb5 d5 17. exd5 Nfxd5 18. Nxd5 Bxd5 19. Rc3 Qf5 20. Qe2 Bxg2 21. Kxg2
Rac8 22. Rxc8 Qxc8 23. c3 Nd3 24. Rd1 Qc4 25. Kh2 e4 26. Qc2 Rd5 27. b3 Qc8 28.
Qe2 Qf5 29. Be3 h5 30. Nd4 Qd7 31. h4 Ne5 32. Rc1 Kh7 33. Kg2 Nd3 34. Rd1 f5
35. f4 exf3+ 36. Qxf3 Ne5 37. Qf4 Ng4 38. Bg1 Bh6 39. Qf3 Ne5 40. Qf1 f4 41.
Re1 fxg3 42. Qf6 Bg7 43. Qg5 Nf3 44. Re7 Nxg5 45. Rxd7 Rxd7 46. hxg5 Bxd4 47.
Bxd4 Rxd4 48. cxd4 h4 49. d5 Kg7 50. d6 Kf7 51. d7 Ke7 0-1

[Event "Campeonato de España Abierto 2006"]
[Site "Leon ESP"]
[Date "2006.11.26"]
[Round "5.4"]
[White "Alsina Leal, Daniel"]
[Black "Franco Alonso, Alejandro"]
[Result "1-0"]
[WhiteElo "2391"]
[BlackElo "2404"]
[PlyCount "125"]
[EventDate "2006.11.22"]
[EventType "swiss"]
[EventRounds "9"]
[EventCountry "ESP"]
[Source "lmi"]
[SourceDate "2006.11.22"]

1. e4 c5 2. Nf3 e6 3. d4 cxd4 4. Nxd4 Nf6 5. Nc3 d6 6. Be3 a6 7. f3 b5 8. g4
Nfd7 9. Qd2 Nb6 10. O-O-O Bb7 11. Bg5 Qd7 12. Bd3 Nc6 13. Nxc6 Qxc6 14. Ne2 Nc4
15. Bxc4 Qxc4 16. Kb1 Qc7 17. Nd4 Be7 18. h4 O-O 19. Bxe7 Qxe7 20. g5 Rad8 21.
h5 f6 22. g6 h6 23. Rhe1 Rfe8 24. f4 d5 25. exd5 Bxd5 26. Qa5 Rc8 27. b3 Qc5
28. Qd2 b4 29. Re3 a5 30. Qe2 Qb6 31. Qb5 Qxb5 32. Nxb5 Rc5 33. Nc7 Rc8 34.
Nxd5 exd5 35. Re2 Kf8 36. Rd4 Re8 37. Red2 Rd8 38. Kb2 Ke7 39. a3 Ke6 40. axb4
axb4 41. Rxb4 Rd7 42. Rbd4 Rdc7 43. f5+ Ke5 44. R4d3 Kxf5 45. Rxd5+ Rxd5 46.
Rxd5+ Kg4 47. c4 f5 48. c5 f4 49. b4 f3 50. Kc3 f2 51. Rd1 Kf3 52. Kc4 Ke2 53.
Rh1 Kf3 54. b5 Re7 55. Rf1 Re4+ 56. Kd5 Rb4 57. Kc6 Ke2 58. Rxf2+ Kxf2 59. Kb6
Ke3 60. c6 Kd4 61. c7 Rc4 62. Kb7 Kd5 63. b6 1-0

[Event "Campeonato de España Abierto 2006"]
[Site "Leon ESP"]
[Date "2006.11.26"]
[Round "5.5"]
[White "De La Villa Garcia, Jesus Maria"]
[Black "Cabezas Ayala, Ivan"]
[Result "1-0"]
[WhiteElo "2469"]
[BlackElo "2339"]
[PlyCount "99"]
[EventDate "2006.11.22"]
[EventType "swiss"]
[EventRounds "9"]
[EventCountry "ESP"]
[Source "lmi"]
[SourceDate "2006.11.22"]

1. e4 e5 2. Nf3 Nc6 3. Bb5 Nf6 4. O-O Nxe4 5. Qe2 Nd6 6. Bxc6 dxc6 7. Qxe5+ Qe7
8. Qa5 Qd8 9. Qe5+ Qe7 10. Qa5 Qd8 11. Qc3 Nf5 12. Re1+ Be6 13. d3 Be7 14. Nbd2
a5 15. a3 Bf6 16. Qb3 Qd5 17. c4 Qd7 18. Ne4 Bd4 19. Be3 O-O 20. Nxd4 Nxd4 21.
Qc3 Nf5 22. Nc5 Qc8 23. Nxe6 fxe6 24. Rad1 Qd7 25. Bf4 Rf7 26. Qe5 Nd4 27. Be3
Nc2 28. Re2 Rf5 29. Qe4 Nxe3 30. Rxe3 Raf8 31. f3 R8f6 32. Re2 Qd6 33. d4 Rf4
34. Qe3 h6 35. Red2 R4f5 36. Rd3 b6 37. Qe4 Rf4 38. Qe2 R4f5 39. Re3 Rh5 40.
Re5 Rhf5 41. Re4 Rh5 42. Re5 Rhf5 43. a4 Kh8 44. b3 Kg8 45. Rd3 Kh8 46. g3 c5
47. Re4 cxd4 48. Rexd4 Qc5 49. Kg2 Rxf3 50. Rd8+ 1-0

[Event "Campeonato de España Abierto 2006"]
[Site "Leon ESP"]
[Date "2006.11.26"]
[Round "5.6"]
[White "Tattersall Rodriguez, Lester"]
[Black "Fernandez Romero, Ernesto"]
[Result "1/2-1/2"]
[WhiteElo "2293"]
[BlackElo "2442"]
[PlyCount "117"]
[EventDate "2006.11.22"]
[EventType "swiss"]
[EventRounds "9"]
[EventCountry "ESP"]
[Source "lmi"]
[SourceDate "2006.11.22"]

1. e4 e6 2. d3 d5 3. Nd2 Nc6 4. Ngf3 Nf6 5. g3 dxe4 6. dxe4 e5 7. Bg2 Bc5 8.
O-O O-O 9. c3 a5 10. a4 Qe7 11. Qc2 Rd8 12. h3 h6 13. Nb3 Bb6 14. Nh4 Be6 15.
Nf5 Qd7 16. Be3 Bc4 17. Rfd1 Bd3 18. Qc1 Qe6 19. Bxb6 cxb6 20. Nbd4 Nxd4 21.
Nxd4 Qc4 22. Qe3 Bxe4 23. Bxe4 exd4 24. Rxd4 Rxd4 25. cxd4 Rd8 26. Bxb7 Qxd4
27. Qb3 h5 28. Bf3 Qc5 29. Rd1 Rxd1+ 30. Qxd1 g6 31. Qd2 Kg7 32. h4 Qc4 33. Qe3
Qb4 34. b3 Qd6 35. Kg2 Nd7 36. Qg5 Nc5 37. Qd5 Qf6 38. Be2 Qe6 39. Qxe6 fxe6
40. Bc4 e5 41. Kf3 Kf6 42. Ke3 g5 43. Bd5 Kf5 44. hxg5 Kxg5 45. Kf3 h4 46.
gxh4+ Kxh4 47. Ke3 Kg5 48. Bc4 Kf5 49. Bg8 Kf6 50. f4 exf4+ 51. Kxf4 Ke7 52.
Ke5 Kd7 53. Bd5 Kc7 54. Kd4 Kd6 55. Bg8 Nd7 56. Kc4 Nf6 57. Bf7 Ne4 58. b4 axb4
59. Kxb4 1/2-1/2

[Event "Campeonato de España Abierto 2006"]
[Site "Leon ESP"]
[Date "2006.11.26"]
[Round "5.7"]
[White "Gonzalez Valero, Julio"]
[Black "Granados Gomez, Manuel"]
[Result "0-1"]
[WhiteElo "2279"]
[BlackElo "2433"]
[PlyCount "100"]
[EventDate "2006.11.22"]
[EventType "swiss"]
[EventRounds "9"]
[EventCountry "ESP"]
[Source "lmi"]
[SourceDate "2006.11.22"]

1. d4 d5 2. c4 c6 3. cxd5 cxd5 4. Nc3 Nc6 5. Bf4 f6 6. e3 e5 7. Bg3 Bb4 8. Bd3
e4 9. Bc2 Nge7 10. Bb3 Bxc3+ 11. bxc3 Be6 12. Ne2 O-O 13. f3 f5 14. O-O Qd7 15.
Nf4 Bf7 16. fxe4 fxe4 17. Bh4 a6 18. Qe2 Kh8 19. Rf2 h6 20. Bxe7 Nxe7 21. c4
dxc4 22. Bxc4 Bxc4 23. Qxc4 g5 24. Qe6 Qxe6 25. Nxe6 Rxf2 26. Kxf2 Nd5 27. Nc5
b6 28. Nd7 Rc8 29. Re1 Kg7 30. Re2 Rc3 31. Rb2 Nxe3 32. Rxb6 Nf5 33. Nc5 Rc2+
34. Ke1 Nxd4 35. Ne6+ Nxe6 36. Rxe6 Rxa2 37. Kf1 Ra4 38. g4 a5 39. Kf2 Ra2+ 40.
Ke3 Rxh2 41. Rxe4 Rh3+ 42. Kf2 Rh4 43. Ra4 h5 44. Rxa5 Rxg4 45. Ra7+ Kf6 46.
Ra6+ Ke5 47. Ra5+ Kd6 48. Ra6+ Kc5 49. Ra5+ Kb4 50. Rf5 h4 0-1

[Event "Campeonato de España Abierto 2006"]
[Site "Leon ESP"]
[Date "2006.11.26"]
[Round "5.8"]
[White "Lacasa Diaz, Jose A"]
[Black "Pena Gomez, Manuel"]
[Result "1-0"]
[WhiteElo "2404"]
[BlackElo "2318"]
[PlyCount "85"]
[EventDate "2006.11.22"]
[EventType "swiss"]
[EventRounds "9"]
[EventCountry "ESP"]
[Source "lmi"]
[SourceDate "2006.11.22"]

1. e4 c5 2. Nf3 d6 3. d4 cxd4 4. Nxd4 Nf6 5. Nc3 a6 6. Be3 e5 7. Nf3 Be7 8. Bc4
O-O 9. O-O Be6 10. Bb3 b5 11. Qe2 Bxb3 12. axb3 Nbd7 13. Bg5 Qc7 14. Rfd1 Rfc8
15. Ne1 h6 16. Bxf6 Nxf6 17. Nd5 Nxd5 18. Rxd5 Qb7 19. Qd3 Rf8 20. c3 g6 21.
Nc2 Kg7 22. Ne3 Rad8 23. Rd1 Bg5 24. Nf1 Be7 25. Ne3 Bg5 26. Nf1 Be7 27. h3 Qb6
28. Qe3 Qc6 29. Kh1 Bg5 30. Qe2 Qb6 31. f3 Rfe8 32. R5d3 f5 33. exf5 gxf5 34.
Ng3 Kg6 35. Qc2 e4 36. Rd5 exf3 37. Qxf5+ Kg7 38. Qxf3 Re6 39. Nh5+ Kg8 40. Rf1
Qa7 41. Rf5 Qa8 42. Rxg5+ Kh8 43. Qf7 1-0

[Event "Campeonato de España Abierto 2006"]
[Site "Leon ESP"]
[Date "2006.11.26"]
[Round "5.10"]
[White "Argandoña Riveiro, Iñigo"]
[Black "Fernandez Siles, Luis"]
[Result "1/2-1/2"]
[WhiteElo "2377"]
[BlackElo "2280"]
[PlyCount "72"]
[EventDate "2006.11.22"]
[EventType "swiss"]
[EventRounds "9"]
[EventCountry "ESP"]
[Source "lmi"]
[SourceDate "2006.11.22"]

1. Nf3 Nf6 2. c4 g6 3. Nc3 Bg7 4. d4 O-O 5. e4 d6 6. Be3 e5 7. dxe5 dxe5 8.
Qxd8 Rxd8 9. Nd5 Nxd5 10. cxd5 c6 11. Bc4 cxd5 12. Bxd5 Nc6 13. Bxc6 bxc6 14.
O-O f6 15. Rfd1 Rd7 16. Rxd7 Bxd7 17. Rd1 Be6 18. b3 Bf8 19. Rc1 Bd7 20. Nd2
Be7 21. Nc4 Bd8 22. Rd1 Be6 23. Rd6 Bxc4 24. bxc4 c5 25. Rc6 Be7 26. g3 Rb8 27.
Bxc5 Bxc5 28. Rxc5 Rb4 29. Rc8+ Kg7 30. Rc7+ Kh6 31. Rxa7 Rxc4 32. f3 Rc2 33.
h4 f5 34. g4 fxg4 35. fxg4 g5 36. h5 Rg2+ 1/2-1/2